<?xml version="1.0" encoding="UTF-8"?>
<record
    xmlns:xsi="http://www.w3.org/2001/XMLSchema-instance"
    xsi:schemaLocation="http://www.loc.gov/MARC21/slim http://www.loc.gov/standards/marcxml/schema/MARC21slim.xsd"
    xmlns="http://www.loc.gov/MARC21/slim">

  <leader>01615 am a2200325Ia 4500</leader>
  <controlfield tag="001">ocm54358493</controlfield>
  <controlfield tag="003">OCoLC</controlfield>
  <controlfield tag="005">20220830123259.0</controlfield>
  <controlfield tag="008">040205s2004    nyu    f      000 0 eng d</controlfield>
  <datafield tag="020" ind1=" " ind2=" ">
    <subfield code="a">9780060574215</subfield>
  </datafield>
  <datafield tag="035" ind1=" " ind2=" ">
    <subfield code="a">(OCoLC)ocm54358493</subfield>
  </datafield>
  <datafield tag="040" ind1=" " ind2=" ">
    <subfield code="a">NTG</subfield>
    <subfield code="b">eng</subfield>
    <subfield code="e">rda</subfield>
    <subfield code="c">NTG</subfield>
    <subfield code="d">VYM</subfield>
    <subfield code="d">OCLCQ</subfield>
    <subfield code="d">UOI</subfield>
    <subfield code="d">EG-ScBUE</subfield>
  </datafield>
  <datafield tag="082" ind1="0" ind2="4">
    <subfield code="a">646.78</subfield>
    <subfield code="2">22</subfield>
    <subfield code="b">GRA</subfield>
  </datafield>
  <datafield tag="100" ind1="1" ind2=" ">
    <subfield code="a">Gray, John,</subfield>
    <subfield code="d">1951-</subfield>
    <subfield code="e">author.</subfield>
  </datafield>
  <datafield tag="245" ind1="1" ind2="0">
    <subfield code="a">Men are from Mars, women are from Venus :</subfield>
    <subfield code="b">the classic guide to understanding the opposite sex /</subfield>
    <subfield code="c">John Gray, Ph.D.</subfield>
  </datafield>
  <datafield tag="250" ind1=" " ind2=" ">
    <subfield code="a">First Quill edition.</subfield>
  </datafield>
  <datafield tag="264" ind1=" " ind2="1">
    <subfield code="a">New York, NY :</subfield>
    <subfield code="b">Harper Collins Publishers,</subfield>
    <subfield code="c">2004.</subfield>
  </datafield>
  <datafield tag="300" ind1=" " ind2=" ">
    <subfield code="a">xxxiii, 323 pages ;</subfield>
    <subfield code="c">20 cm</subfield>
  </datafield>
  <datafield tag="336" ind1=" " ind2=" ">
    <subfield code="2">rdacontent</subfield>
    <subfield code="a">text</subfield>
    <subfield code="b">txt</subfield>
  </datafield>
  <datafield tag="337" ind1=" " ind2=" ">
    <subfield code="2">rdamedia</subfield>
    <subfield code="a">unmediated</subfield>
    <subfield code="b">n</subfield>
  </datafield>
  <datafield tag="338" ind1=" " ind2=" ">
    <subfield code="2">rdacarrier</subfield>
    <subfield code="a">volume</subfield>
    <subfield code="b">nc</subfield>
  </datafield>
  <datafield tag="505" ind1="0" ind2="0">
    <subfield code="g">Acknowledgments --</subfield>
    <subfield code="g">Introduction to the paperback edition --</subfield>
    <subfield code="g">Introduction --</subfield>
    <subfield code="t">Men are from Mars, woman are from Venus --</subfield>
    <subfield code="t">Mr. Fix-it and the home-improvement committee --</subfield>
    <subfield code="t">Men go to their caves and women talk --</subfield>
    <subfield code="t">How to motivate the opposite sex --</subfield>
    <subfield code="t">Speaking different languages --</subfield>
    <subfield code="t">Men are like rubber bands --</subfield>
    <subfield code="t">Women are like waves --</subfield>
    <subfield code="t">Discovering our different emotional needs --</subfield>
    <subfield code="t">How to avoid arguments --</subfield>
    <subfield code="t">Scoring points with the opposite sex --</subfield>
    <subfield code="t">How to communicate difficult feelings --</subfield>
    <subfield code="t">How to ask for support and get it --</subfield>
    <subfield code="t">Keeping the magic of love alive.</subfield>
  </datafield>
  <datafield tag="650" ind1=" " ind2="7">
    <subfield code="a">Marriage.</subfield>
    <subfield code="2">BUEsh</subfield>
    <subfield code="9">40232</subfield>
  </datafield>
  <datafield tag="650" ind1=" " ind2="7">
    <subfield code="a">Communication in marriage.</subfield>
    <subfield code="2">BUEsh</subfield>
  </datafield>
  <datafield tag="650" ind1=" " ind2="7">
    <subfield code="a">Interpersonal relations.</subfield>
    <subfield code="2">BUEsh</subfield>
  </datafield>
  <datafield tag="653" ind1=" " ind2=" ">
    <subfield code="b">GGEN</subfield>
    <subfield code="c">August2022</subfield>
  </datafield>
  <datafield tag="655" ind1=" " ind2=" ">
    <subfield code="v">Reading book</subfield>
    <subfield code="9">34232</subfield>
  </datafield>
  <datafield tag="942" ind1=" " ind2=" ">
    <subfield code="2">ddc</subfield>
    <subfield code="c">BB</subfield>
  </datafield>
  <datafield tag="999" ind1=" " ind2=" ">
    <subfield code="c">29920</subfield>
    <subfield code="d">29891</subfield>
  </datafield>
  <datafield tag="952" ind1=" " ind2=" ">
    <subfield code="0">0</subfield>
    <subfield code="1">0</subfield>
    <subfield code="2">ddc</subfield>
    <subfield code="4">0</subfield>
    <subfield code="7">0</subfield>
    <subfield code="8">Donation-G</subfield>
    <subfield code="a">MAIN</subfield>
    <subfield code="b">MAIN</subfield>
    <subfield code="c">1ST</subfield>
    <subfield code="d">2022-08-30</subfield>
    <subfield code="e">Purchase</subfield>
    <subfield code="l">1</subfield>
    <subfield code="o">646.78 GRA</subfield>
    <subfield code="p">000056378</subfield>
    <subfield code="q">2025-10-18</subfield>
    <subfield code="r">2025-09-17 00:00:00</subfield>
    <subfield code="s">2025-09-17</subfield>
    <subfield code="w">2022-08-30</subfield>
    <subfield code="y">BB</subfield>
  </datafield>
</record>
